[Event "78th GEO-ch Women 1st League 2021"]
[Site "Tbilisi"]
[Date "2021.03.25"]
[Round "8.3"]
[White "Khurtsilava, Inga"]
[Black "Gvetadze, Sofio"]
[Result "1-0"]
[WhiteElo "2260"]
[BlackElo "2317"]
[Annotator "TA"]
[PlyCount "79"]
[EventDate "2021.03.18"]
[EventType "swiss"]
[EventCountry "GEO"]
[SourceTitle "playchess.com"]
[Source "ChessBase"]
[SourceQuality "1"]

{[%evp 12,79,15,3,14,4,14,11,16,0,0,0,0,0,0,0,0,0,0,0,0,-29,57,23,53,27,40,52,91,89,174,176,443,418,379,31,45,39,83,54,60,74,62,56,50,50,138,137,159,159,227,148,422,211,682,485,520,512,471,462,920,700,29982,29983,29982,29981,29990,2276,29990,29991]} 1. d4 Nf6 2. Nf3 b6 3. e3 Bb7 4. Bd3 e6 5. Nbd2 c5 6. O-O Nc6 7. a3 d5 {A47: 1 d4 Nf6 2 Nf3 b6: Torre, London and Colle Systems.} 8. b3 Qc7 9. Bb2 Bd6 {The position is equal.} 10. c4 cxd4 11. exd4 O-O 12. Rc1 Qe7 13. b4 {Strongly threatening c5.} dxc4 14. Nxc4 Bf4 15. Rc2 Rac8 {[#]} 16. b5 $146 ({Predecessor:} 16. g3 Bh6 17. Re1 g6 18. b5 Na5 19. Nxa5 bxa5 20. Ne5 Rxc2 {½-½ (20) Shaw,S (2411)-Dzenis,R (2466) ICCF email 2009}) 16... Nb8 (16... Na5 $11) 17. a4 {And now Ba3 would win.} Rfd8 18. g3 Bc7 19. Qe2 Qd7 20. Rfc1 Qd5 {[#]} (20... Bxf3 $16 {was worth a try.} 21. Qxf3 Bd6) 21. Ne3 $1 $18 {[%cal Re3d5]} Qd7 {[#]} (21... Qxf3 22. Qxf3 Bxf3) 22. d5 $1 Nxd5 23. Rd2 $2 (23. Ng5 $18) 23... Qe7 $14 24. Rc4 f5 25. Rc1 Bd6 {...Rxc1+ is the strong threat.} 26. Rxc8 Rxc8 27. Nxd5 Bxd5 {[#]} 28. Bxf5 Rf8 (28... exf5 $14 29. Qxe7 Bxe7 30. Rxd5 g6) 29. Be4 $16 Bxe4 30. Qxe4 {Black must now prevent Ng5!} Bc5 (30... Nd7 $16 31. Qc6 Nb8 32. Qxd6 Qxd6 33. Rxd6 Rxf3 34. Rxe6 Kf7) 31. Nd4 Qg5 $2 {[%mdl 8192] Loses the game.} (31... Bxd4 $16 32. Bxd4 (32. Qxd4 Rf7 $16) 32... Qf7) 32. Re2 (32. Qxe6+ $142 Kh8 33. Nb3) 32... e5 $2 (32... Qg6 33. Qxg6 (33. Qxe6+ Qf7 $18) 33... hxg6 34. Nxe6 Re8) 33. Ne6 Rxf2 34. Rxf2 ({Worse is} 34. Nxg5 Rxe2+ 35. Kf1 Rxe4 $15) 34... Bxf2+ 35. Kxf2 Qh5 (35... Qf6+ $142 36. Nf4 {[%mdl 64] Pin} Nd7) 36. Qxe5 {[%csl Gb2,Ge6][%cal Re5g7]} Qxh2+ 37. Ke1 {[%csl Gb2,Ge6][%cal Re5g7]} Qh1+ 38. Kd2 {[%csl Gb2,Ge6][%cal Re5g7]} Qh6+ 39. Nf4 (39. Ng5 $142 Qxg5+ 40. Qxg5 Kf7 41. Qf5+ Ke8 42. Ba3 Kd8 43. Qf8+ {[%mdl 64] Double Attack} Kd7 44. Qe7+ Kc8 45. Bd6 Nd7 46. Qe8+ Kb7 47. Qxd7+ {[%mdl 64] Double Attack} Ka8 48. Qc8#) 39... Nd7 40. Qd5+ {[%mdl 64] Double Attack.  Weighted Error Value: White=0.47/Black=0.80} 1-0

[Event "78th GEO-ch Women 1st League 2021"]
[Site "Tbilisi"]
[Date "2021.03.25"]
[Round "8.4"]
[White "Pipia, Ekaterine"]
[Black "Janiashvili, Mariami"]
[Result "1-0"]
[WhiteElo "2019"]
[BlackElo "1963"]
[Annotator "TA"]
[PlyCount "115"]
[EventDate "2021.03.18"]
[EventType "swiss"]
[EventCountry "GEO"]
[SourceTitle "playchess.com"]
[Source "ChessBase"]
[SourceQuality "1"]

{[%evp 11,115,2,30,27,27,0,62,59,54,57,80,40,37,40,38,31,31,28,40,0,0,-10,0,-11,0,-41,-46,-98,-86,-154,-151,-156,-164,-151,-148,-203,-204,-186,-171,-210,-210,-303,-291,-293,-272,-330,-277,-388,-390,-389,-377,-393,-386,-374,-378,-369,-374,-367,-352,-570,-543,-662,-619,-706,-683,-662,-592,-596,-533,-675,206,235,322,313,325,313,308,325,317,293,286,198,903,637,881,653,735,602,898,822,5181,5089,29969,29970,29964,-5,29968,29971,29966,29973,29973,29974,29974,29975,29975,29975]} 1. d4 Nf6 2. Bf4 d6 3. Nf3 g6 4. Nbd2 Bg7 5. e4 O-O 6. c3 c5 7. dxc5 {A48: 1 d4 Nf6 2 Nf3 g6: Torre, London and Colle Systems.} dxc5 8. Bc4 {8.Bc4 has become a bit dusty these days.} Bg4 (8... Nh5 $11 9. Be3 Qc7) 9. h3 $14 {White is slightly better.} Bxf3 10. Qxf3 Nc6 11. O-O Nh5 12. Be3 Ne5 13. Qe2 Nxc4 {[#]} 14. Nxc4 $146 ({Predecessor:} 14. Qxc4 b6 15. Rfd1 Qc7 16. Nf3 Rfd8 17. b4 Qc6 18. e5 Bh8 19. bxc5 bxc5 20. Qxc5 {1-0 (42) Klinger,S (2146)-Hoerr,M (2055) Germany 2003}) 14... Qc7 15. Rad1 b5 16. Na3 a6 17. Rd5 c4 18. Rfd1 Nf6 19. Rc5 (19. R5d4 $15) 19... Qb7 $17 20. f3 (20. e5 $142 Nd7 {[%mdl 64] Double Attack, Discovered Attack} 21. Rcd5 Nxe5 22. R5d2) 20... Rfd8 21. Nc2 {[#]} e6 $1 22. Bf4 Ne8 23. Rg5 (23. Re1 $17 {was necessary.}) 23... h6 24. Rg3 Nf6 {White must now prevent ...Nh5.} 25. Be3 Qc7 26. Bf2 (26. f4 {was worth a try.}) 26... Rxd1+ 27. Qxd1 Rd8 28. Qc1 Kh7 29. Nd4 (29. e5 $142 Nh5 30. Rg4) 29... e5 $19 30. Nc2 Qd6 31. Ne3 Qd2 32. Qxd2 Rxd2 33. b3 cxb3 34. axb3 Rd3 35. c4 $2 (35. Nd5 {keeps fighting.}) 35... Rxb3 36. c5 Rc3 37. Nd5 Rc1+ 38. Kh2 Nh5 39. Be3 Rc4 40. Nb6 Rxc5 {[%mdl 8192]} 41. Bxc5 $18 Nxg3 42. Kxg3 Kg8 43. Kf2 Bf8 44. Bxf8 Kxf8 {[%mdl 4096] Endgame KN-KP} 45. Nd5 a5 46. Ke3 f5 $2 (46... h5 47. Kd3 Kg7) 47. Kd3 Kf7 48. Nc7 b4 49. Kc4 Kf6 50. Nd5+ Kg5 51. g3 {Intending h4+ and mate.} fxe4 52. h4+ Kf5 53. g4+ Ke6 54. fxe4 {White mates.} Kd6 55. Nxb4 axb4 56. Kxb4 Kc6 57. Kc4 Kd6 {[#]} 58. Kb5 $1 {Quite a comeback for White.  Weighted Error Value: White=0.43/Black=0.44} 1-0

[Event "78th GEO-ch Women 1st League 2021"]
[Site "Tbilisi"]
[Date "2021.03.25"]
[Round "8.5"]
[White "Oniani, Tamar"]
[Black "Esadze, Tamari"]
[Result "0-1"]
[WhiteElo "1604"]
[BlackElo "1889"]
[Annotator "NA RC"]
[PlyCount "66"]
[EventDate "2021.03.18"]
[EventType "swiss"]
[EventCountry "GEO"]
[SourceTitle "playchess.com"]
[Source "ChessBase"]
[SourceQuality "1"]
[TimeControl "5400+30"]

1. d4 {[%emt 0:02:39]} d5 {[%emt 0:00:00]} 2. c4 {[%emt 0:00:04]} e6 {[%emt 0:00:00]} 3. Nc3 {[%emt 0:00:04]} Nf6 {[%emt 0:00:00]} 4. Bg5 {[%emt 0:00:05]} Bb4 {[%emt 0:00:11]} 5. Qa4+ {[%emt 0:01:50]} Nc6 {[%emt 0:00:06]} 6. e3 {[%emt 0:00:01]} O-O {[%emt 0:01:22]} 7. Nf3 {[%emt 0:01:41]} h6 {[%emt 0:02:02]} 8. Bh4 {[%emt 0:03:14]} g5 {[%emt 0:06:39]} 9. Bg3 {[%emt 0:00:16]} Ne4 {[%emt 0:00:11]} 10. Qc2 {[%emt 0:13:16]} f5 {[%emt 0:01:47]} 11. a3 {[%emt 0:04:45]} Bxc3+ {[%emt 0:09:48]} 12. bxc3 {[%emt 0:00:07]} Ne7 {[%emt 0:03:50]} 13. Ne5 {[%emt 0:03:22]} Qe8 {[%emt 0:02:51]} 14. f3 {[%emt 0:02:47]} Nf6 {[%emt 0:00:44]} 15. c5 {[%emt 0:05:55]} b6 {[%emt 0:03:02]} 16. cxb6 {[%emt 0:18:27]} cxb6 {[%emt 0:01:15]} 17. a4 {[%emt 0:02:44]} Bd7 {[%emt 0:04:20]} 18. h4 {[%emt 0:05:22]} g4 {[%emt 0:09:04]} 19. Bf4 {[%emt 0:01:26]} Kg7 {[%emt 0:04:00]} 20. h5 {[%emt 0:04:17]} Rg8 {[%emt 0:07:54]} 21. fxg4 {[%emt 0:05:56]} Ne4 {[%emt 0:02:12]} 22. Bd3 {[%emt 0:02:51]} Kh7 {[%emt 0:01:50]} 23. gxf5 {[%emt 0:05:55]} exf5 {[%emt 0:00:03]} 24. g4 {[%emt 0:00:03]} Rc8 {[%emt 0:03:26]} 25. c4 {[%emt 0:03:42]} Nc6 {[%emt 0:04:51]} 26. Nxd7 {[%emt 0:00:55]} Qxd7 {[%emt 0:00:35]} 27. Rb1 {[%emt 0:04:29]} Rxg4 {[%emt 0:01:33]} 28. Rb5 {[%emt 0:01:16]} Nxd4 {[%emt 0:04:34]} 29. exd4 {[%emt 0:03:31]} Rxf4 {[%emt 0:00:03]} 30. Qh2 {[%emt 0:00:40]} Nf2 {[%emt 0:09:25]} 31. Kd2 {[%emt 0:03:05]} Nxd3 {[%emt 0:00:52]} 32. Kxd3 {[%emt 0:00:04]} dxc4+ {[%emt 0:00:03]} 33. Kc2 {[%emt 0:00:02]} Qxd4 {[%emt 0:00:43]} 0-1

[Event "78th GEO-ch Women 1st League 2021"]
[Site "Tbilisi"]
[Date "2021.03.25"]
[Round "8.6"]
[White "Mgeladze, Kesaria"]
[Black "Sichinava, Mariam"]
[Result "0-1"]
[WhiteElo "1380"]
[BlackElo "1516"]
[Annotator "NA RC"]
[PlyCount "84"]
[EventDate "2021.03.18"]
[EventType "swiss"]
[EventCountry "GEO"]
[SourceTitle "playchess.com"]
[Source "ChessBase"]
[SourceQuality "1"]
[TimeControl "5400+30"]

1. e4 {[%emt 0:00:00]} c5 {[%emt 0:01:36]} 2. Nf3 {[%emt 0:00:00]} e6 {[%emt 0:00:25]} 3. c3 {[%emt 0:00:06]} Nf6 {[%emt 0:00:04]} 4. e5 {[%emt 0:00:12]} Nd5 {[%emt 0:00:03]} 5. d4 {[%emt 0:00:18]} cxd4 {[%emt 0:00:06]} 6. cxd4 {[%emt 0:00:08]} d6 {[%emt 0:00:24]} 7. Bc4 {[%emt 0:00:29]} Nb6 {[%emt 0:00:07]} 8. Bd3 {[%emt 0:00:22]} Nc6 {[%emt 0:00:23]} 9. a3 {[%emt 0:00:23]} Be7 {[%emt 0:02:49]} 10. O-O {[%emt 0:01:02]} O-O {[%emt 0:00:26]} 11. Qe2 {[%emt 0:00:54]} Nd5 {[%emt 0:04:52]} 12. Bd2 {[%emt 0:02:29]} b6 {[%emt 0:05:46]} 13. Qe4 {[%emt 0:01:20]} g6 {[%emt 0:00:53]} 14. Nc3 {[%emt 0:01:26]} dxe5 {[%emt 0:02:31]} 15. dxe5 {[%emt 0:00:25]} Bb7 {[%emt 0:02:38]} 16. Qe2 {[%emt 0:04:42]} Nxc3 {[%emt 0:08:00]} 17. Bxc3 {[%emt 0:00:37]} Qc7 {[%emt 0:01:11]} 18. Rac1 {[%emt 0:01:13]} Rfd8 {[%emt 0:00:31]} 19. Rfd1 {[%emt 0:00:48]} Rac8 {[%emt 0:01:46]} 20. Bb4 {[%emt 0:05:09]} Bxb4 {[%emt 0:01:50]} 21. axb4 {[%emt 0:00:04]} Qe7 {[%emt 0:00:17]} 22. b5 {[%emt 0:01:31]} Nb4 {[%emt 0:00:25]} 23. Bb1 {[%emt 0:01:16]} Nd5 {[%emt 0:04:13]} 24. Be4 {[%emt 0:04:42]} Qb4 {[%emt 0:02:17]} 25. Rxc8 {[%emt 0:10:02]} Rxc8 {[%emt 0:00:16]} 26. Ng5 {[%emt 0:07:30]} Kg7 {[%emt 0:17:31]} 27. Qf3 {[%emt 0:01:52]} Qe7 {[%emt 0:00:08]} 28. Nh3 {[%emt 0:01:41]} Rc5 {[%emt 0:01:26]} 29. Nf4 {[%emt 0:07:12]} Rxb5 {[%emt 0:00:30]} 30. Bxd5 {[%emt 0:01:30]} Bxd5 {[%emt 0:01:22]} 31. Qc3 {[%emt 0:00:15]} Qb4 {[%emt 0:02:22]} 32. Qg3 {[%emt 0:04:43]} Qb3 {[%emt 0:04:14]} 33. Qg4 {[%emt 0:01:10]} Rb4 {[%emt 0:07:10]} 34. Nh5+ {[%emt 0:02:56]} Kf8 {[%emt 0:00:21]} 35. Qe2 {[%emt 0:00:54]} gxh5 {[%emt 0:00:14]} 36. Qxh5 {[%emt 0:00:07]} Qc2 {[%emt 0:01:48]} 37. Qh6+ {[%emt 0:01:02]} Ke8 {[%emt 0:00:07]} 38. Rc1 {[%emt 0:00:22]} Qg6 {[%emt 0:00:44]} 39. Rc8+ {[%emt 0:01:13]} Kd7 {[%emt 0:00:01]} 40. Rd8+ {[%emt 0:00:45]} Kc7 {[%emt 0:01:58]} 41. Rc8+ {[%emt 0:00:25]} Kxc8 {[%emt 0:01:22]} 42. Qf8+ {[%emt 0:00:07]} Kb7 {[%emt 0:00:06]} 0-1

[Event "78th GEO-ch Women 1st League 2021"]
[Site "Tbilisi"]
[Date "2021.03.25"]
[Round "8.7"]
[White "Kirtadze, Anastasia"]
[Black "Dolakidze, Mariam"]
[Result "1/2-1/2"]
[WhiteElo "1810"]
[BlackElo "1416"]
[Annotator "NA RC"]
[PlyCount "112"]
[EventDate "2021.03.18"]
[EventType "swiss"]
[EventCountry "GEO"]
[SourceTitle "playchess.com"]
[Source "ChessBase"]
[SourceQuality "1"]
[TimeControl "5400+30"]

1. c4 {[%emt 0:00:00]} f5 {[%emt 0:00:12]} 2. g3 {[%emt 0:00:01]} e6 {[%emt 0:00:05]} 3. Bg2 {[%emt 0:00:09]} d5 {[%emt 0:00:08]} 4. cxd5 {[%emt 0:02:18]} exd5 {[%emt 0:00:10]} 5. d4 {[%emt 0:01:31]} Nf6 {[%emt 0:00:53]} 6. Nc3 {[%emt 0:01:02]} Ne4 {[%emt 0:00:28]} 7. Nh3 {[%emt 0:02:31]} c6 {[%emt 0:01:08]} 8. O-O {[%emt 0:01:41]} Bd6 {[%emt 0:00:28]} 9. Bf4 {[%emt 0:02:05]} O-O {[%emt 0:00:16]} 10. Bxd6 {[%emt 0:00:39]} Qxd6 {[%emt 0:00:08]} 11. f3 {[%emt 0:01:25]} Nxc3 {[%emt 0:01:09]} 12. bxc3 {[%emt 0:00:16]} Nd7 {[%emt 0:00:17]} 13. e4 {[%emt 0:01:36]} fxe4 {[%emt 0:00:28]} 14. fxe4 {[%emt 0:00:08]} dxe4 {[%emt 0:00:37]} 15. Rxf8+ {[%emt 0:10:50]} Nxf8 {[%emt 0:00:05]} 16. Ng5 {[%emt 0:00:16]} Be6 {[%emt 0:11:14]} 17. Nxe4 {[%emt 0:01:17]} Qc7 {[%emt 0:02:46]} 18. Qh5 {[%emt 0:02:31]} Bf7 {[%emt 0:00:43]} 19. Qg5 {[%emt 0:00:45]} Ne6 {[%emt 0:06:12]} 20. Qg4 {[%emt 0:02:25]} Kh8 {[%emt 0:00:23]} 21. Rf1 {[%emt 0:00:35]} Bg8 {[%emt 0:02:39]} 22. Bh3 {[%emt 0:06:57]} Rf8 {[%emt 0:01:23]} 23. Rxf8 {[%emt 0:03:12]} Nxf8 {[%emt 0:00:21]} 24. Qh4 {[%emt 0:08:02]} Bxa2 {[%emt 0:00:40]} 25. Bf5 {[%emt 0:00:55]} Bg8 {[%emt 0:00:50]} 26. Nc5 {[%emt 0:05:46]} b6 {[%emt 0:01:24]} 27. Nd3 {[%emt 0:00:37]} a5 {[%emt 0:00:38]} 28. Ne5 {[%emt 0:00:50]} a4 {[%emt 0:00:56]} 29. c4 {[%emt 0:14:40]} c5 {[%emt 0:05:01]} 30. Qf4 {[%emt 0:01:19]} Qe7 {[%emt 0:03:42]} 31. d5 {[%emt 0:01:03]} g5 {[%emt 0:20:05]} 32. Qe3 {[%emt 0:02:31]} Kg7 {[%emt 0:02:32]} 33. Ng4 {[%emt 0:21:24]} Qxe3+ {[%emt 0:00:40]} 34. Nxe3 {[%emt 0:00:05]} Bf7 {[%emt 0:00:26]} 35. Kf2 {[%emt 0:01:34]} Bg6 {[%emt 0:07:13]} 36. Bxg6 {[%emt 0:01:10]} Kxg6 {[%emt 0:00:13]} 37. Ke2 {[%emt 0:00:26]} a3 {[%emt 0:00:27]} 38. Nc2 {[%emt 0:01:26]} a2 {[%emt 0:00:03]} 39. Ke3 {[%emt 0:00:26]} Kf5 {[%emt 0:00:17]} 40. Kd3 {[%emt 0:00:50]} h5 {[%emt 0:07:23]} 41. Kc3 {[%emt 0:01:38]} Ke4 {[%emt 0:00:05]} 42. Kb2 {[%emt 0:00:42]} Kd3 $19 {[%emt 0:06:22]} 43. Na3 {[%emt 0:00:29]} h4 {[%emt 0:00:05]} 44. gxh4 {[%emt 0:00:52]} gxh4 {[%emt 0:00:04]} 45. Kxa2 {[%emt 0:00:04]} h3 {[%emt 0:00:37]} 46. Kb3 {[%emt 0:00:51]} Ke2 {[%emt 0:00:12]} 47. Nb1 {[%emt 0:00:27]} Kf2 {[%emt 0:02:27]} 48. Nd2 {[%emt 0:00:16]} Kg2 {[%emt 0:00:04]} 49. Ne4 {[%emt 0:00:12]} Kxh2 {[%emt 0:00:03]} 50. Ng5 {[%emt 0:00:12]} Kg3 {[%emt 0:02:40]} 51. Nxh3 {[%emt 0:00:12]} Kxh3 {[%emt 0:00:02]} 52. Ka4 {[%emt 0:00:17]} Kg4 {[%emt 0:00:25]} 53. Kb5 {[%emt 0:00:28]} Nd7 {[%emt 0:00:05]} 54. Kc6 {[%emt 0:00:20]} Ne5+ {[%emt 0:00:02]} 55. Kxb6 {[%emt 0:00:23]} Nxc4+ {[%emt 0:00:03]} 56. Kxc5 {[%emt 0:00:08]} Ne5 {[%emt 0:00:03]} 1/2-1/2

[Event "78th GEO-ch Women 1st League 2021"]
[Site "Tbilisi"]
[Date "2021.03.25"]
[Round "8.8"]
[White "Antia, Sopia"]
[Black "Javakhishvili, Mariam"]
[Result "1-0"]
[WhiteElo "1594"]
[BlackElo "1671"]
[Annotator "NA RC"]
[PlyCount "33"]
[EventDate "2021.03.18"]
[EventType "swiss"]
[EventCountry "GEO"]
[SourceTitle "playchess.com"]
[Source "ChessBase"]
[SourceQuality "1"]
[TimeControl "5400+30"]

1. e4 {[%emt 0:00:00]} c5 {[%emt 0:17:38]} 2. Nf3 {[%emt 0:00:00]} e6 {[%emt 0:00:06]} 3. c3 {[%emt 0:00:00]} d6 {[%emt 0:05:18]} 4. d4 {[%emt 0:01:39]} cxd4 {[%emt 0:00:07]} 5. cxd4 {[%emt 0:00:05]} g6 {[%emt 0:00:48]} 6. Bg5 {[%emt 0:03:02]} f6 {[%emt 0:00:06]} 7. Bd2 {[%emt 0:00:53]} Bg7 {[%emt 0:00:22]} 8. Nc3 {[%emt 0:05:08]} Ne7 {[%emt 0:00:12]} 9. Bb5+ {[%emt 0:00:28]} Bd7 {[%emt 0:00:39]} 10. Qb3 {[%emt 0:02:34]} O-O {[%emt 0:01:06]} 11. Bc4 {[%emt 0:02:06]} Kf7 {[%emt 0:03:52]} 12. Nb5 {[%emt 0:00:46]} Bc8 {[%emt 0:00:16]} 13. Bb4 {[%emt 0:00:59]} Nbc6 {[%emt 0:03:31]} 14. Nxd6+ {[%emt 0:00:25]} Kg8 {[%emt 0:00:09]} 15. Bxe6+ {[%emt 0:00:21]} Bxe6 {[%emt 0:00:36]} 16. Qxe6+ {[%emt 0:00:06]} Kh8 {[%emt 0:00:04]} 17. Bc3 {[%emt 0:02:43]} 1-0

[Event "78th GEO-ch Women 1st League 2021"]
[Site "Tbilisi"]
[Date "2021.03.25"]
[Round "8.9"]
[White "Gvatua, Mariam"]
[Black "Sordia, Marta"]
[Result "1-0"]
[WhiteElo "1343"]
[BlackElo "1226"]
[Annotator "NA"]
[PlyCount "65"]
[EventDate "2021.03.18"]
[EventType "swiss"]
[EventCountry "GEO"]
[SourceTitle "playchess.com"]
[Source "ChessBase"]
[SourceQuality "1"]
[TimeControl "5400+30"]

1. d4 {[%emt 0:00:00]} d5 {[%emt 0:00:00]} 2. c4 {[%emt 0:00:00]} e6 {[%emt 0:00:00]} 3. Nf3 {[%emt 0:00:00]} Nf6 {[%emt 0:00:02]} 4. g3 {[%emt 0:00:00]} Bb4+ {[%emt 0:00:10]} 5. Bd2 {[%emt 0:00:00]} Qe7 {[%emt 0:00:04]} 6. Nc3 {[%emt 0:01:01]} O-O {[%emt 0:02:01]} 7. Bg2 {[%emt 0:00:21]} c6 {[%emt 0:02:11]} 8. cxd5 {[%emt 0:02:16]} exd5 {[%emt 0:01:12]} 9. O-O {[%emt 0:00:25]} Bf5 {[%emt 0:07:29]} 10. Re1 {[%emt 0:01:23]} Ne4 {[%emt 0:02:42]} 11. Nxe4 {[%emt 0:00:44]} Bxe4 {[%emt 0:00:12]} 12. Qb3 {[%emt 0:05:35]} Na6 {[%emt 0:14:33]} 13. a3 {[%emt 0:01:59]} Bxd2 {[%emt 0:00:24]} 14. Nxd2 {[%emt 0:00:06]} c5 {[%emt 0:01:04]} 15. Nxe4 {[%emt 0:02:43]} dxe4 {[%emt 0:00:09]} 16. d5 {[%emt 0:03:45]} b6 {[%emt 0:05:03]} 17. Rad1 {[%emt 0:00:25]} Rad8 {[%emt 0:14:53]} 18. Qc4 {[%emt 0:00:27]} Nc7 {[%emt 0:00:05]} 19. Qxe4 {[%emt 0:03:01]} Qd6 {[%emt 0:01:19]} 20. Qa4 {[%emt 0:03:32]} a6 {[%emt 0:01:49]} 21. e4 {[%emt 0:01:29]} b5 {[%emt 0:03:29]} 22. Qc2 {[%emt 0:00:45]} f6 {[%emt 0:01:03]} 23. Rc1 {[%emt 0:04:57]} c4 {[%emt 0:01:07]} 24. a4 {[%emt 0:01:33]} Rc8 {[%emt 0:01:52]} 25. Bh3 {[%emt 0:01:57]} Rce8 {[%emt 0:02:37]} 26. axb5 {[%emt 0:00:28]} axb5 {[%emt 0:00:14]} 27. b3 {[%emt 0:00:28]} f5 {[%emt 0:08:22]} 28. Bxf5 {[%emt 0:08:33]} cxb3 {[%emt 0:00:33]} 29. Qxb3 {[%emt 0:01:43]} g6 {[%emt 0:07:01]} 30. Bh3 {[%emt 0:05:56]} Kg7 {[%emt 0:03:05]} 31. Qc3+ {[%emt 0:01:12]} Qf6 {[%emt 0:00:13]} 32. Qxf6+ {[%emt 0:00:20]} Rxf6 {[%emt 0:00:10]} 33. Rxc7+ {[%emt 0:00:03]} 1-0

[Event "78th GEO-ch Women 1st League 2021"]
[Site "Tbilisi"]
[Date "2021.03.25"]
[Round "8.10"]
[White "Mamardashvili, Ana"]
[Black "Bedoshvili, Dea"]
[Result "0-1"]
[WhiteElo "1416"]
[BlackElo "1667"]
[Annotator "NA RC"]
[PlyCount "136"]
[EventDate "2021.03.18"]
[EventType "swiss"]
[EventCountry "GEO"]
[SourceTitle "playchess.com"]
[Source "ChessBase"]
[SourceQuality "1"]
[TimeControl "5400+30"]

1. d4 {[%emt 0:00:15]} d5 {[%emt 0:00:00]} 2. c4 {[%emt 0:00:10]} c6 {[%emt 0:00:00]} 3. Nc3 {[%emt 0:00:36]} e6 {[%emt 0:00:00]} 4. e4 {[%emt 0:00:12]} dxe4 {[%emt 0:06:14]} 5. Nxe4 {[%emt 0:00:09]} Bb4+ {[%emt 0:02:25]} 6. Nc3 {[%emt 0:00:10]} Nf6 {[%emt 0:00:53]} 7. a3 {[%emt 0:01:07]} Ba5 {[%emt 0:01:14]} 8. b4 {[%emt 0:00:15]} Bc7 {[%emt 0:00:05]} 9. Nf3 {[%emt 0:00:46]} b6 {[%emt 0:01:04]} 10. Bd3 {[%emt 0:01:59]} Bb7 {[%emt 0:01:44]} 11. O-O {[%emt 0:01:59]} Nbd7 {[%emt 0:01:22]} 12. Re1 {[%emt 0:03:04]} h6 {[%emt 0:02:49]} 13. Bb2 {[%emt 0:04:46]} O-O {[%emt 0:00:28]} 14. Bc2 {[%emt 0:05:38]} Re8 {[%emt 0:30:27]} 15. h3 {[%emt 0:11:14]} a5 {[%emt 0:11:57]} 16. Rb1 {[%emt 0:06:33]} Nf8 {[%emt 0:09:44]} 17. Ne5 {[%emt 0:05:28]} Qe7 {[%emt 0:02:37]} 18. bxa5 {[%emt 0:08:09]} Rxa5 {[%emt 0:00:30]} 19. a4 {[%emt 0:00:11]} Rd8 {[%emt 0:01:02]} 20. Nf3 {[%emt 0:02:32]} Rh5 {[%emt 0:02:22]} 21. Qe2 {[%emt 0:03:01]} Qd6 {[%emt 0:06:09]} 22. Rbd1 {[%emt 0:04:28]} Qb4 {[%emt 0:04:53]} 23. Ba1 {[%emt 0:07:07]} Ra5 {[%emt 0:02:45]} 24. Rb1 {[%emt 0:08:16]} Qe7 {[%emt 0:00:29]} 25. Kh1 {[%emt 0:01:09]} Nh5 {[%emt 0:01:26]} 26. c5 {[%emt 0:05:37]} Ba6 {[%emt 0:02:28]} 27. Qe4 {[%emt 0:02:48]} bxc5 {[%emt 0:00:24]} 28. d5 {[%emt 0:02:01]} Nf6 {[%emt 0:01:11]} 29. Qh4 {[%emt 0:04:39]} cxd5 {[%emt 0:00:28]} 30. Nb5 {[%emt 0:00:49]} Bxb5 {[%emt 0:00:48]} 31. axb5 {[%emt 0:00:07]} Rb8 {[%emt 0:00:30]} 32. Ne5 {[%emt 0:02:56]} Bxe5 {[%emt 0:00:23]} 33. Bxe5 {[%emt 0:00:05]} Rbxb5 {[%emt 0:00:17]} 34. Rxb5 {[%emt 0:00:56]} Rxb5 {[%emt 0:07:52]} 35. Ra1 {[%emt 0:00:03]} Ng6 {[%emt 0:00:00]} 36. Ra8+ {[%emt 0:00:31]} Kh7 {[%emt 0:00:00]} 37. Qa4 {[%emt 0:01:59]} Rb7 {[%emt 0:00:00]} 38. Qc6 {[%emt 0:00:52]} Ne4 {[%emt 0:00:03]} 39. Bxe4 {[%emt 0:00:48]} dxe4 {[%emt 0:00:04]} 40. Qxe4 {[%emt 0:00:34]} Rb4 {[%emt 0:00:28]} 41. Qc2 {[%emt 0:01:30]} Qb7 {[%emt 0:01:01]} 42. Rb8 {[%emt 0:00:30]} Qe4 {[%emt 0:00:25]} 43. Qxe4 {[%emt 0:03:29]} Rxe4 {[%emt 0:00:04]} 44. Bd6 {[%emt 0:01:13]} c4 {[%emt 0:01:17]} 45. Rc8 {[%emt 0:00:07]} Nh4 {[%emt 0:00:49]} 46. Bb4 {[%emt 0:00:46]} Rd4 {[%emt 0:00:29]} 47. Kh2 {[%emt 0:00:32]} Nf5 {[%emt 0:00:17]} 48. Bc3 {[%emt 0:00:32]} Nd6 {[%emt 0:00:10]} 49. Rc6 {[%emt 0:00:38]} Rd3 {[%emt 0:00:12]} 50. Be5 {[%emt 0:00:39]} Ne4 {[%emt 0:00:06]} 51. Rxc4 {[%emt 0:00:39]} Nxf2 {[%emt 0:00:03]} 52. Rf4 {[%emt 0:00:15]} Rd5 {[%emt 0:00:31]} 53. Rxf2 {[%emt 0:00:52]} Rxe5 {[%emt 0:00:04]} 54. Rxf7 {[%emt 0:00:04]} Kg6 {[%emt 0:00:05]} 55. Re7 {[%emt 0:00:15]} Kf6 {[%emt 0:00:08]} 56. Rc7 {[%emt 0:00:26]} Rf5 {[%emt 0:00:21]} 57. g4 {[%emt 0:00:44]} Rf4 {[%emt 0:00:37]} 58. Kg3 {[%emt 0:00:20]} Rd4 {[%emt 0:00:28]} 59. h4 {[%emt 0:00:32]} Rd3+ {[%emt 0:00:09]} 60. Kf4 {[%emt 0:00:17]} g5+ {[%emt 0:00:45]} 61. Ke4 {[%emt 0:01:01]} Rg3 {[%emt 0:00:10]} 62. hxg5+ {[%emt 0:00:07]} hxg5 {[%emt 0:00:08]} 63. Rh7 {[%emt 0:00:24]} Rxg4+ {[%emt 0:00:07]} 64. Kf3 {[%emt 0:00:05]} Rh4 {[%emt 0:00:38]} 65. Rb7 {[%emt 0:00:18]} e5 {[%emt 0:00:20]} 66. Rb8 {[%emt 0:00:19]} Rf4+ {[%emt 0:00:26]} 67. Kg3 {[%emt 0:00:14]} Kf5 {[%emt 0:00:42]} 68. Rb5 {[%emt 0:00:15]} g4 {[%emt 0:00:14]} 0-1